| 000 | 00940cab a2200241 4500 | ||
|---|---|---|---|
| 001 | X95942 | ||
| 008 | 090401t1998 xxu||||| |||| 00| 0 eng d | ||
| 035 | _a(Sirsi) u90575 | ||
| 041 | _aeng | ||
| 245 | _aManchester CC v Mr and Mrs Cochrane | ||
| 260 | _c1998 | ||
| 350 | _a0 | ||
| 490 |
_aNew Property Cases _v[1998] NPC 170 |
||
| 520 | _aThe powers of the County Court under the Housing Act s127 are limited to determining whether it has jurisdiction under s128 of the Act to make an order for possession and if it has it is then compelled to make such an order under s127. Headnote from journal - No photocopying allowed. | ||
| 650 | _aHOUSING ACT 1996 PART V | ||
| 650 | _aHOUSING ACT 1996 S127 | ||
| 650 | _aHOUSING ACT 1996 S128 | ||
| 650 | _aMANCHESTER CC V MR AND MRS COCHRANE | ||
| 650 | _aPOSSESSION PROCEEDINGS | ||
| 690 | _aLANDLORD AND TENANT-CASE LAW-RESIDENTIAL TENANCIES | ||
| 942 | _n0 | ||
| 948 | _c07/01/1999 | ||
| 999 |
_c57438 _d57438 |
||